Top 10 Southernmost-Based MLB Teams - Statistics

General Stats
  • This quiz has been taken 24 times
  • The average score is 9 of 10
Answer Stats
Latitude Team Division % Correct
25.8° Miami Marlins NL East
95%
27.8° Tampa Bay Rays AL East
95%
29.8° Houston Astros AL West
90%
33.8° Los Angeles Angels AL West
90%
32.7° San Diego Padres NL West
90%
33.4° Arizona Diamondbacks NL West
81%
33.9° Atlanta Braves NL East
81%
34.1° Los Angeles Dodgers NL West
81%
32.7° Texas Rangers AL West
81%
37.8° Oakland Athletics AL West
76%
No matching quizzes found
Score Distribution
Percent of People with Each Score
Percentile by Number Answered
Your Score History
You have not taken this quiz